• 首页
  • 本馆介绍
  • 公告通知
  • 最新文献
  • 馆藏检索
  • 电子资源
  • 读者导购
  • 参考咨询
  • 我的图书馆
  • 登录
  • 详细信息显示
  • 放入我的书架
  • 预约/预借图书
  • 作者相关作品
  • 分类相关作品
  • 丛书相关作品
  • 出版社相关作品

书目信息

  • 表格格式
  • 工作单格式
  • 卡片格式
题名:
中央企业企业文化建设报告
    
 
作者: 黎群 , 李卫东 主编
分册:  
出版信息: 北京   中国经济出版社  2010
页数: 281页
开本: 26cm
丛书名:
单 册:
中图分类: F279.241
科图分类:
主题词: 国有企业--企业文化--研究报告--中国--2010 , 国有企业 , 企业文化
电子资源:
ISBN: 978-7-5017-9796-7
000 01255nam0 2200289 450
001 012001005271
005 20141008130850.0
010    @a978-7-5017-9796-7@dCNY150.00
100    @a20100917d2010 em y0chiy50 ea
101 0  @achi
102    @aCN@b110000
105    @ay z 000yy
106    @ar
200 1  @a中央企业企业文化建设报告@9zhong yang qi ye qi ye wen hua jian she bao gao@e2010@dReport on corporate culture construction of central state-owned enterprises@f黎群,李卫东主编@zeng
210    @a北京@c中国经济出版社@d2010
215    @a281页@d26cm
300    @a中央企业发展系列报告
330    @a本书首次对部分中央企业实施价值观测评,并对中央企业员工的价值观进行分析,总结出本年度中央企业最流行的12个价值观、最期待的12个价值观和最认同的8个价值观。同时,选择若干国外典型企业文化管理的案例进行介绍,以期为中央企业开展企业文化建设提供启示与借鉴。
510 1  @aReport on corporate culture construction of central state-owned enterprises@zeng
606 0  @a国有企业@x企业文化@x研究报告@y中国@z2010
606 0  @a国有企业
606 0  @a企业文化
690    @aF279.241@v4
701  0 @a黎群@9li qun@f(1967~)@4主编
701  0 @a李卫东@9li wei dong@c(物资统计)@4主编
801  0 @aCN@b上海新华@c20180901
905    @b1173391-3@dF279.241@e1654@f3
    
    中央企业企业文化建设报告:2010=Report on corporate culture construction of central state-owned enterprises/黎群,李卫东主编.-北京:中国经济出版社,2010
    281页;26cm
    中央企业发展系列报告
    
    ISBN 978-7-5017-9796-7:CNY150.00
    本书首次对部分中央企业实施价值观测评,并对中央企业员工的价值观进行分析,总结出本年度中央企业最流行的12个价值观、最期待的12个价值观和最认同的8个价值观。同时,选择若干国外典型企业文化管理的案例进行介绍,以期为中央企业开展企业文化建设提供启示与借鉴。
●
相关链接 在E读中查询图书 在五车中查询图书 在当当中查询图书 在豆瓣中查询图书


正题名:中央企业企业文化建设报告     索取号:F279.241/1654         预约/预借

序号 登录号 条形码 馆藏地/架位号 状态 备注
1 1173391   211733917   第一样本阅览室/ [索取号:F279.241/1654] 在馆    
2 1173392   211733926   第一借阅区/ [索取号:F279.241/1654] 在馆    
3 1173393   211733935   密集书库-海洋学院/ [索取号:F279.241/1654] 在馆    
唐山师范学院图书馆 欢迎您!
大连网信软件有限公司© 版权所有